Culture Générale - Série 274 - Statistiques

Statistiques générales
  • Ce quiz a été pris 441 fois
  • Le résultat moyen est 7 sur 10
Statistiques - réponses
Question Réponse % Correct
Dans quel océan navigue-t-on au large de la Guyane ? L'océan Atlantique
97%
De quel fruit la "pink lady" est-elle une variété ? La pomme
96%
De quel pays européen la Lombardie est-elle l'une des principales régions ? L'Italie
94%
Dans quel dessin animé retrouve-t-on les personnages de Salamèche et Pikachu ? Pokémon
84%
Quel groupe chante "Money, Money, Money" en 1976 ? Abba
81%
Sous quel sigle est plus connu le fonds d'urgence des Nations unies pour l'enfance ? Unicef
69%
Quel groupe chante "Vive le Douanier Rousseau !" en 1983 ? La Compagnie Créole
67%
Quel était le prénom du père du réalisateur Jacques Audiard ? Michel
56%
En France, qu'appelle-t-on traditionnellement la Grande Muette ? L'armée
42%
Qui chante "Tchin tchin" en 1976 ? Hugues Aufray
6%
Aucun quiz correspondant
Distribution des résultats
% des personnes avec chaque résultat
Percentile par nombre de réponses
Votre historique - résultats
Vous n’avez pas pris ce quiz